000 01291nam a2200265 a 4500
001 BRCA_4838
005 20190320204826.0
008 201010s1805----mx-#######---#000-0#spa-#
041 _aspa
044 _amx
084 _aDOC3
_b.C35
_c1805
100 1 _aCalleja del Rey, Félix María
_d1753-1828
_912245
245 1 0 _aDocumento firmado por Don Félix María Calleja del Rey
_cFélix María Calleja del Rey ; Joaquín Cortina Gómez.
260 _aSan Luis Potosí, México
_c1805
300 _a[2] fojas
_c21 x 5 cm.
500 _aDocumento firmado el 10 de abril de 1805.
500 _aDocumento de Don Félix María Calleja firmado en San Luis Potosí, dirigido a Don Joaquín Cortina Gómez. En él se le informa sobre la detención de una orden y una rendición se menciona a Blanco (tal vez refiriéndose a alguna persona) y habla de un asunto previamente acordado.
500 _aEl documento contiene la leyenda DOC. #12.
506 0 _aFondo Reservado. Para su consulta es necesario credencial de usuario y carta de motivos.
546 _aTexto en: español de principos del siglo XIX.
600 1 4 _aCalleja del Rey, Félix María
_d1753-1828
_xHistoria
_912246
651 4 _aMéxico
_vGuerra de Independencia, 1810-1821
_xHistoria
_912247
902 _aFDH
942 _2lcc
_cD
999 _c4532
_d4532